عرض عادي
عرض مارك
- جارفين، ليندا
مدخل إسم شخص
001 - رقم الضبط
- حقل الضبط: 43178
003 - معرف رقم الضبط
- حقل الضبط: OSt
005 - تاريخ ووقت أخر عملية
- حقل الضبط: 20140223142317.0
008 - عناصر بيانات ثابتة الطول
- حقل تحكم ثابت الطول: 140223|||a|||||| | ||| d
040 ## - مصدر الفهرسة
- هيئة الفهرسة الأصلية: OSt
- وكالة الكتابة: OSt
100 ## - مدخل -- أسم شخص
- إسم شخص: جارفين، ليندا
670 ## - بيانات المصدر موجوده
- الاستشهاد بالمصدر: Work cat.: (OSt): ستيرنبرج، روبرت ج 37324, التدريس من أجل الحكمة الذكاء الإبداع والنجاح /, 2013 1434.
